ბათუმის შოთა რუსთაველის სახელმწიფო უნივერსიტეტის ბიბლიოთეკა

English- Georgian and Georgian-English dictionery : (ბიბ.ჩანაწერი № 36184)

000 -LEADER
fixed length control field 00961nam a2200217Ia 4500
001 - CONTROL NUMBER
control field 2086
003 - CONTROL NUMBER IDENTIFIER
control field GE_BSU
005 - DATE AND TIME OF LATEST TRANSACTION
control field 20221024120850.0
008 - FIXED-LENGTH DATA ELEMENTS--GENERAL INFORMATION
fixed length control field 181216s1999en xx |||||||||||||| ||eng||
040 ## - CATALOGING SOURCE
Transcribing agency GE_BSU
041 ## - LANGUAGE CODE
Language code of text/sound track or separate title eng
080 ## - UNIVERSAL DECIMAL CLASSIFICATION NUMBER
Universal Decimal Classification number 811.111(038)+811.353.1(038) E-56
245 ## - TITLE STATEMENT
Title English- Georgian and Georgian-English dictionery :
Remainder of title ინგლისურ–ქართული დ ქართულ ინგლისური ლექსიკონი /
Statement of responsibility, etc. Compiled by Tamar and Isidore Gvarjaladze
264 ## - PRODUCTION, PUBLICATION, DISTRIBUTION, MANUFACTURE, AND COPYRIGHT NOTICE
Place of production, publication, distribution, manufacture Tbilisi,
Date of production, publication, distribution, manufacture, or copyright notice 1999.
300 ## - PHYSICAL DESCRIPTION
Extent 545 c. :
Other physical details 17cm.
653 ## - INDEX TERM--UNCONTROLLED
keyword English- Georgian and Georgian-English dictionery
653 ## - INDEX TERM--UNCONTROLLED
keyword ინგლისურ-ქართული და ქართულ-ინგლისური ლექსიკონი
700 ## - ADDED ENTRY--PERSONAL NAME
Personal name Gvarjaladze, Tamar
Relator term შემდგენელი
9 (RLIN) 15477
700 ## - ADDED ENTRY--PERSONAL NAME
Personal name Gvarjaladze, Isidore
Relator term შემდგენელი
9 (RLIN) 15478
942 ## - ADDED ENTRY ELEMENTS (KOHA)
Koha item type წიგნი
Source of classification or shelving scheme
ეგზემპლარები
Withdrawn status Lost status Source of classification or shelving scheme Damaged status Not for loan Permanent Location Current Location Shelving location Date acquired Cost, normal purchase price Full call number Barcode Date last seen Copy number Price effective from Koha item type Public note
          ბათუმის შოთა რუსთაველის სახელმწიფო უნივერსიტეტის მთავარი ბიბლიოთეკა ბათუმის შოთა რუსთაველის სახელმწიფო უნივერსიტეტის მთავარი ბიბლიოთეკა წიგნსაცავი 2018-12-17 12.00 811.111(038)+811.353.1(038) E-56 4368 2018-12-17 4368 2018-12-17 წიგნი 12.00